Me Namora - Edu Ribeiro - Statistics

Estatísticas Gerais
  • Esse quiz foi jogado 24 vezes
  • A pontuação média é 164 de 240
Estatísticas das Respostas
Resposta % Correto
me
100%
namora
100%
a
89%
e
89%
é
89%
em
89%
eu
89%
o
89%
as
84%
de
84%
no
84%
que
84%
se
84%
84%
te
84%
você
84%
com
79%
meu
79%
por
79%
sei
79%
vem
79%
ao
74%
casa
74%
chora
74%
contando
74%
dia
74%
horas
74%
lindo
74%
os
74%
sem
74%
abre
68%
braços
68%
do
68%
feliz
68%
fica
68%
68%
mais
68%
mim
68%
olhar
68%
pra
68%
quando
68%
quer
68%
saio
68%
seu
68%
sinto
68%
tempo
68%
teu
68%
um
68%
vi
68%
caminhar
63%
demora
63%
dentro
63%
dizer
63%
encontro
63%
fazer
63%
mesmo
63%
não
63%
perto
63%
pois
63%
quero
63%
sorriso
63%
amor
58%
brilho
58%
fez
58%
junto
58%
mas
58%
quem
58%
reclama
58%
sentimento
58%
sim
58%
vou
58%
agora
53%
aqui
53%
assim
53%
canto
53%
coração
53%
dar
53%
encontrar
53%
essa
53%
fico
53%
isso
53%
lembro
53%
longe
53%
mostrar
53%
ou
53%
quanto
53%
todo
53%
uma
53%
vai
53%
bate
47%
capaz
47%
então
47%
entender
47%
for
47%
ilusão
47%
liga
47%
saber
47%
será
47%
vão
47%
beleza
42%
estar
42%
grande
42%
havia
42%
imaginar
42%
mundo
42%
nem
42%
notar
42%
tão
42%
triste
42%
vazão
42%
vim
42%
vivendo
42%
abra
37%
acho
37%
ainda
37%
dera
37%
fosse
37%
olhos
37%
penso
37%
resposta
37%
sofre
37%
tentar
37%
aconteceu
32%
adora
32%
afora
32%
ele
32%
fizer
32%
reparar
32%
sente
32%
sonha
32%
também
32%
volta
32%
pode
26%
veja
26%
alegrar
21%
repente
21%
Nenhum quiz correspondente encontrado
Distribuição das Pontuações
Porcentagem de Pessoas com Cada Pontuação
Percentil de Números Respondidos
Sua Pontuação Histórica
Você não jogou esse quiz